Análisis de la vulnerabilidad del recurso hídrico de un sector de la Gran Area Metropolitana
Salvato in:
| Autore principale: | |
|---|---|
| Natura: | Libro |
| Pubblicazione: |
San Pedro de Montes de Oca, [C.R.]
2003
|
| Soggetti: | |
| Tags: |
Aggiungi Tag
Nessun Tag, puoi essere il primo ad aggiungerne!!
|
MARC
| LEADER | 00000nam a2200000Ia 4500 | ||
|---|---|---|---|
| 003 | 009171 | ||
| 005 | 20221231144147.0 | ||
| 008 | 140114s2003 cr a m 000 ||s d | ||
| 040 | |c cru CEDI | ||
| 090 | |a TFG 4712 | ||
| 100 | |a Torres Corral, Laura |9 6975 | ||
| 245 | |a Análisis de la vulnerabilidad del recurso hídrico de un sector de la Gran Area Metropolitana | ||
| 260 | |c 2003 |a San Pedro de Montes de Oca, [C.R.] | ||
| 300 | |a xi, 202 hojas : ilustraciones a color, 50 mapas color, 13 fotografías color | ||
| 500 | |a Proyecto de graduación (licenciatura en ingeniería civil)-- Universidad de Costa Rica. Facultad de Ingeniería. Escuela de Ingeniería Civil | ||
| 650 | |x CONTAMINACION DEL AGUA - GRAN AREA METROPOLITANA (COSTA RICA) |x CALIDAD DEL AGUA |x RIESGO (ECONOMIA) |x RECURSOS HIDRICOS |x SISTEMAS DE INFORMACION GEOGRAFICA |x ACUIFEROS |x CUENCAS HIDROGRAFICAS |x USO DE LA TIERRA |x RIOS |9 6976 | ||
| 942 | |c TFG | ||
| 999 | |c 17769 |d 17769 | ||
